000 00454cam a22001217a 4500
008 180718b1962 xxu||||| |||| 00| 0 eng d
082 _aY26x545 N213
245 _aDemand for energy in Southern India
_cby National Council of Applied Economic Research
260 _aNew Delhi
_bNational Council of Applied Economic Research
_c1962
300 _a203p.
650 _aEnergy Resources - India, Southern
700 _aNational Council of Applied Economic Research
999 _c375316
_d375316